000 00587nam a2200217 a 4500
008
020 _a9781844892181 (pbk.)
049 _aMAIN
090 _aQH308.2
_bPOT
100 1 _aPotter, Steve.
245 1 0 _aAQA biology /
_cSteve Potter.
260 _aDeddington :
_bPhilip Allan Updates,
_c2009.
300 _aix,269 p. :
_bcol. ill. ;
_c25 cm.
500 _aIncludes index.
650 1 _aBiology.
907 _a.b10333642
_b07-10-13
_c18-06-13
003
005 20230123122022.0
040 _cNUST
942 _cBOOKS
_kQH308.2
_mPOT
999 _c126392
_d126392